Eduardo VII y su época = Edouard VII et son temps / André Maurois ; traducción de Jorge Arnal
Descripción Física:
318 p. ; 22 cm
Otros Autores:
Arnal, Jorge
MARC
| LEADER | 00000nam a2200000Ia 4500 | ||
|---|---|---|---|
| 001 | 14610 | ||
| 008 | 160829s1935 xx 000 0 cat d | ||
| 080 | |a H-2-182 | ||
| 100 | |a Maurois, André |9 26280 | ||
| 245 | |a Eduardo VII y su época = Edouard VII et son temps / André Maurois ; traducción de Jorge Arnal | ||
| 260 | |a Barcelona : |b Juventud, |c 1935 | ||
| 300 | |a 318 p. ; |c 22 cm | ||
| 600 | 0 | 0 | |a Eduard |b VII, |c rei de la Gran Bretanya, |d 1841-1910 |9 55606 |
| 650 | |a Gran Bretanya |x Història |x S. XIX/XX |9 26282 | ||
| 650 | |a Gran Bretanya |x Política i govern |x S. XIX/XX |9 26283 | ||
| 700 | 1 | |a Arnal, Jorge |9 26284 | |
| 901 | |a Arxiu | ||
| 942 | |n 1 | ||
| 952 | |0 0 |1 0 |4 0 |6 H2182 |7 1 |9 43942 |a Arxiu |b Arxiu |d 2016-12-01 |l 0 |o H-2-182 |p 14610 |r 2016-12-01 00:00:00 |w 2016-12-01 |y ARXIU | ||
| 999 | |c 46522 |d 46522 | ||